Je synergie cestou ke zvýšení hodnoty podniku?
Franšíza ako jeden z druhov synergického podnikania. Marketing, náklady, distribučné kanály a dôležité atribúty úspešného podnikania. Diverzifikácia rizík a zavedenie nových značiek. Konkurenčné výhody a hodnota podniku.
Salvato in:
| Autore principale: | |
|---|---|
| Natura: | Capitolo di libro |
| Lingua: | ceco |
| Soggetti: | |
| Tags: |
Nessun Tag, puoi essere il primo ad aggiungerne!!
|
MARC
| LEADER | 00000nla a2200000 4500 | ||
|---|---|---|---|
| 001 | 0198883 | ||
| 005 | 20240417075054.6 | ||
| 041 | 0 | |a cze | |
| 044 | |a CZ | ||
| 245 | 1 | 0 | |a Je synergie cestou ke zvýšení hodnoty podniku? |c Lucie Koleňáková |
| 520 | |a Franšíza ako jeden z druhov synergického podnikania. Marketing, náklady, distribučné kanály a dôležité atribúty úspešného podnikania. Diverzifikácia rizík a zavedenie nových značiek. Konkurenčné výhody a hodnota podniku. | ||
| 610 | 2 | 0 | |a spolupráca podnikov |
| 610 | 2 | 0 | |a franšíza |
| 610 | 2 | 0 | |a združenia podnikov |
| 610 | 2 | 0 | |a diverzifikácia |
| 610 | 2 | 0 | |a výhody konkurenčné |
| 610 | 2 | 0 | |a hodnota podniku |
| 100 | 1 | |a Koleňáková, Lucie | |